000 00479pab a2200181 454500
008 180718b2013 xxu||||| |||| 00| 0 eng d
100 _aBhandari, Shalini
245 _aRising urbanisation in India: Problems and challenges for urban development
260 _c2013
300 _ap.81-92.
362 _aJan-Mar
650 _aUrban development - India
650 _aUrbanization - India
650 _aUrbanization
773 _aNagarlok
908 _aN
909 _a103217
999 _c103213
_d103213